[Event "SR 3. liga A2 2015/2016"]
[Site "?"]
[Date "2016.03.20"]
[Round "10.6"]
[White "Cmarada, Juraj"]
[Black "Kir, Kvetoslav"]
[Result "1/2-1/2"]
[WhiteElo "1764"]
[BlackElo "1759"]
[PlyCount "46"]
[EventDate "2016.??.??"]

1. e4 e6 2. d4 d5 3. Nd2 c5 4. Ngf3 Nc6 5. exd5 exd5 6. Bb5 Nf6 7. O-O Be7 8.
dxc5 Bxc5 9. Nb3 Be7 10. Nfd4 Bd7 11. c3 O-O 12. Bd3 Ne5 13. Bc2 Re8 14. Re1
Bd6 15. Bg5 Neg4 16. Rxe8+ Qxe8 17. h3 Bh2+ 18. Kf1 Ne5 19. Bxf6 gxf6 20. Qe2
Qc8 21. f3 Bg3 22. Rd1 Ng6 23. Bxg6 hxg6 1/2-1/2

[Event "SR 3. liga A2 2015/2016"]
[Site "?"]
[Date "2016.03.20"]
[Round "10.6"]
[White "Lauko, Tomas"]
[Black "Cvirik, Vladimir"]
[Result "0-1"]
[WhiteElo "1668"]
[BlackElo "1863"]
[PlyCount "73"]
[EventDate "2016.??.??"]

1. e4 c5 2. Nf3 g6 3. c3 Bg7 4. d4 b6 5. Bc4 e6 6. Bg5 f6 7. Bh4 Ne7 8. O-O O-O
9. e5 cxd4 10. cxd4 Bb7 11. Re1 Na6 12. Qb3 Nc7 13. Nbd2 Nf5 14. exf6 Bxf6 15.
Bxf6 Qxf6 16. Ne4 Bxe4 17. Rxe4 d5 18. Bxd5 exd5 19. Rc1 Kh8 20. Rf4 Ne6 21.
Rc6 Rac8 22. Rxe6 Qxe6 23. h3 Nd6 24. Rh4 Qf5 25. Qa3 Nc4 26. Qe7 Rf7 27. Qe1
Nxb2 28. Ne5 Rg7 29. Qd2 Rc2 30. Qe3 Nd1 31. Qf4 Rxf2 32. Qh6 Nc3 33. Rg4 Ne2+
34. Kh2 Nf4 35. Qh4 Ne6 36. Nf3 Rxa2 37. Qg3 0-1

[Event "SR 3. liga A2 2015/2016"]
[Site "?"]
[Date "2016.04.10"]
[Round "11.1"]
[White "Gasa, Andrej"]
[Black "Bisco, Igor"]
[Result "1/2-1/2"]
[WhiteElo "2294"]
[BlackElo "2089"]
[PlyCount "97"]
[EventDate "2016.??.??"]

1. e4 e5 2. Nf3 Nc6 3. Bb5 a6 4. Ba4 Nf6 5. d3 b5 6. Bb3 Be7 7. O-O O-O 8. Re1
d6 9. c3 Na5 10. Bc2 c5 11. Nbd2 Re8 12. Nf1 g6 13. d4 Qc7 14. Bg5 Kg7 15. Ne3
Be6 16. b3 Rac8 17. Rc1 Ng4 18. Bxe7 Qxe7 19. dxe5 Nxe5 20. Nd2 Qg5 21. g3 Ng4
22. Ndf1 Nc6 23. f4 Nxe3 24. Nxe3 Qf6 25. Qd2 b4 26. cxb4 Nxb4 27. Bb1 Nc6 28.
Qf2 Nd4 29. Bd3 a5 30. Rcd1 h6 31. h4 Kh7 32. f5 Bd7 33. Nd5 Qe5 34. fxg6+ Kxg6
35. Rf1 Be6 36. Nf4+ Kg7 37. Rde1 Rc7 38. Be2 Nxe2+ 39. Qxe2 c4 40. bxc4 Qd4+
41. Kh1 Qxc4 42. Nh5+ Kf8 43. Qe3 Qxa2 44. Qxh6+ Ke7 45. Qg5+ Kf8 46. Nf4 Rc2
47. Qf6 Kg8 48. Qg5+ Kh7 49. Qh5+ 1/2-1/2

[Event "SR 3. liga A2 2015/2016"]
[Site "?"]
[Date "2016.04.10"]
[Round "11.1"]
[White "Skocik, Jozef"]
[Black "Sebesta, Radovan"]
[Result "0-1"]
[WhiteElo "1863"]
[BlackElo "1991"]
[PlyCount "62"]
[EventDate "2016.??.??"]

1. e4 c5 2. b3 Nc6 3. Bb2 d6 4. f4 e6 5. Nf3 Nf6 6. d3 Be7 7. Be2 O-O 8. O-O b6
9. Nbd2 Bb7 10. h3 d5 11. Qe1 Nb4 12. Bd1 dxe4 13. dxe4 Ba6 14. Rf2 Rc8 15. a3
Nc6 16. c4 Bb7 17. g4 Nd4 18. Nxd4 cxd4 19. Bf3 Nd7 20. Qf1 e5 21. fxe5 Nxe5
22. Bg2 f6 23. g5 Qd6 24. gxf6 Bxf6 25. Qe2 Bg5 26. Nf3 Be3 27. Raf1 Nxf3+ 28.
Bxf3 Qg3+ 29. Kh1 Bxf2 30. Rxf2 Qxh3+ 31. Kg1 Rcd8 0-1

[Event "SR 3. liga A2 2015/2016"]
[Site "?"]
[Date "2016.04.10"]
[Round "11.1"]
[White "Lanik, Miroslav"]
[Black "Gajarsky, Roman"]
[Result "1/2-1/2"]
[WhiteElo "1882"]
[BlackElo "1763"]
[PlyCount "51"]
[EventDate "2016.??.??"]

1. e4 d6 2. d4 Nd7 3. Nc3 c5 4. Nf3 a6 5. a4 b6 6. Bd3 Bb7 7. d5 Ngf6 8. O-O
Ng4 9. h3 Nge5 10. Nxe5 Nxe5 11. f4 Nxd3 12. Qxd3 g6 13. e5 Bg7 14. Re1 O-O 15.
b3 Qc7 16. e6 f5 17. Bb2 Rac8 18. Nd1 c4 19. bxc4 Qxc4 20. Bxg7 Kxg7 21. Ne3
Qxf4 22. c4 a5 23. Rab1 Ba6 24. Rec1 Rb8 25. Rc3 Rfc8 26. Rbc1 1/2-1/2

[Event "SR 3. liga A2 2015/2016"]
[Site "?"]
[Date "2016.04.10"]
[Round "11.1"]
[White "Tupy, Bystrik"]
[Black "Palka, Martin"]
[Result "1-0"]
[WhiteElo "1724"]
[BlackElo "1898"]
[PlyCount "83"]
[EventDate "2016.??.??"]

1. e4 c5 2. Nf3 e6 3. c3 d5 4. exd5 exd5 5. d4 Bd6 6. Bb5+ Nc6 7. Be3 c4 8. Qe2
Nge7 9. O-O O-O 10. Re1 a6 11. Ba4 b5 12. Bc2 Nf5 13. Bg5 f6 14. Bh4 Ra7 15.
Nbd2 Re7 16. Qf1 Rfe8 17. Bg3 Nxg3 18. fxg3 a5 19. Nh4 g6 20. b3 Kg7 21. Nhf3
Re3 22. Rxe3 Rxe3 23. Nb1 Qe7 24. a4 bxa4 25. bxc4 Ba6 26. Bd3 Qe8 27. Nbd2 Ne7
28. Re1 Rxe1 29. Qxe1 Qc8 30. c5 Bxd3 31. cxd6 Nf5 32. Qa1 Qd7 33. Qa3 Nxd6 34.
Qc5 Nb7 35. Qa3 Kf7 36. h4 Qc6 37. Kf2 Nd6 38. g4 Nc4 39. Nxc4 dxc4 40. g5 Kg7
41. Qe7+ Kg8 42. gxf6 1-0

[Event "SR 3. liga A2 2015/2016"]
[Site "?"]
[Date "2016.04.10"]
[Round "11.1"]
[White "Palka, Miroslav"]
[Black "Bojnansky, Juraj"]
[Result "1-0"]
[WhiteElo "1940"]
[BlackElo "1649"]
[PlyCount "77"]
[EventDate "2016.??.??"]

1. c4 Nf6 2. Nc3 g6 3. e4 d6 4. d4 Bg7 5. f3 O-O 6. Be3 e5 7. d5 Ne8 8. Qd2 f5
9. Bg5 Bf6 10. Bxf6 Qxf6 11. O-O-O Na6 12. h4 f4 13. Qf2 Ng7 14. Nge2 Nh5 15.
Nb5 Bd7 16. Nec3 Ng3 17. Rh2 Bxb5 18. Nxb5 Nxf1 19. Qxf1 Rf7 20. Qf2 Nc5 21.
Kb1 a6 22. Nc3 c6 23. Qd2 Rc7 24. dxc6 Rxc6 25. Nd5 Qf7 26. Rg1 Ne6 27. g4 Rxc4
28. g5 Nd4 29. Qd3 Rac8 30. h5 Rc2 31. hxg6 Rxh2 32. gxf7+ Kxf7 33. Rc1 Rxc1+
34. Kxc1 Rf2 35. Kd1 Rxf3 36. Qc4 Kg6 37. Ne7+ Kxg5 38. Qg8+ Kf6 39. Nd5# 1-0

[Event "SR 3. liga A2 2015/2016"]
[Site "?"]
[Date "2016.04.10"]
[Round "11.1"]
[White "Janas, Peter"]
[Black "Havlicek, Peter"]
[Result "1/2-1/2"]
[WhiteElo "1699"]
[BlackElo "1743"]
[PlyCount "112"]
[EventDate "2016.??.??"]

1. d4 d5 2. c4 Nf6 3. Nc3 c6 4. Nf3 Bg4 5. Ne5 Bf5 6. f3 e6 7. Qb3 Qc8 8. g4
Bg6 9. h4 h6 10. Nxg6 fxg6 11. Qc2 Kf7 12. e3 dxc4 13. Bxc4 Bd6 14. Ne4 Bb4+
15. Bd2 Bxd2+ 16. Nxd2 Qc7 17. O-O-O Nbd7 18. Bd3 Nf8 19. Nc4 N6d7 20. f4 Re8
21. Rdf1 Ke7 22. Bxg6 Nxg6 23. Qxg6 Rhg8 24. Ne5 Kd8 25. Kb1 Nf8 26. Qd3 Nd7
27. Nf3 Nf6 28. Ne5 Nd5 29. e4 Nb4 30. Qc3 a5 31. a3 Na6 32. Rc1 Nb8 33. Rhd1
Re7 34. Qb3 Rge8 35. d5 exd5 36. exd5 Rd7 37. Nxd7 Nxd7 38. dxc6 bxc6 39. Qd3
Re6 40. Rc2 Ke7 41. f5 Re5 42. Qc3 c5 43. Rcd2 Nb8 44. Qc4 Kf8 45. Qf4 Nc6 46.
f6 Nd4 47. fxg7+ Kxg7 48. Rf2 Qe7 49. g5 hxg5 50. hxg5 Rxg5 51. Rh1 Kg6 52. Qc1
Qe4+ 53. Ka2 Qd5+ 54. Kb1 Qe4+ 55. Ka2 Qd5+ 56. Kb1 Qe4+ 1/2-1/2

[Event "SR 3. liga A2 2015/2016"]
[Site "?"]
[Date "2016.04.10"]
[Round "11.1"]
[White "Fidericky, Milan"]
[Black "Tupy, Emil"]
[Result "1-0"]
[WhiteElo "1747"]
[BlackElo "1698"]
[PlyCount "79"]
[EventDate "2016.??.??"]

1. e4 c5 2. f4 d6 3. Nf3 Nc6 4. b3 e6 5. Bb2 Nf6 6. Nc3 a6 7. Be2 b5 8. d3 Qc7
9. O-O Be7 10. Qd2 Bb7 11. Nd1 Rc8 12. Ne3 O-O 13. c4 Qb6 14. e5 Ne8 15. f5
dxe5 16. fxe6 fxe6 17. Ng4 Bf6 18. Nfxe5 Nxe5 19. Bxe5 Qd8 20. Nxf6+ Nxf6 21.
Qg5 Ne8 22. Rxf8+ Kxf8 23. Rf1+ Kg8 24. Qg3 Qe7 25. Bh5 g6 26. Bg4 Bc6 27. h4
Ng7 28. Bd6 Qd7 29. h5 Nf5 30. Bxf5 exf5 31. hxg6 Qg7 32. gxh7+ Kxh7 33. Qh3+
Kg8 34. Bg3 Bd7 35. Qh2 Qd4+ 36. Kh1 Qxd3 37. Re1 Re8 38. Be5 f4 39. Qh8+ Kf7
40. Qg7+ 1-0

[Event "SR 3. liga A2 2015/2016"]
[Site "?"]
[Date "2016.04.10"]
[Round "11.1"]
[White "Jancicka, Viliam"]
[Black "Huska, Branislav"]
[Result "0-1"]
[WhiteElo "1652"]
[BlackElo "1819"]
[PlyCount "77"]
[EventDate "2016.??.??"]

1. e4 c5 2. Nf3 d6 3. Nc3 Nc6 4. Be2 g6 5. b3 Bg7 6. Bb2 Nf6 7. Rb1 O-O 8. O-O
a6 9. Re1 b5 10. a3 b4 11. axb4 cxb4 12. Nd5 Nxe4 13. Bxg7 Kxg7 14. Bc4 Nf6 15.
Nxf6 exf6 16. d4 d5 17. Bf1 Bg4 18. Qd3 Bxf3 19. gxf3 Qb6 20. Rbd1 Ra7 21. Re3
Ne7 22. Bh3 f5 23. f4 Rc8 24. Qd2 Ng8 25. Bg2 Nf6 26. h3 Rac7 27. Rc1 Rc3 28.
Re2 Qc7 29. f3 Nh5 30. Re5 Rxc2 31. Rxc2 Qxc2 32. Qxc2 Rxc2 33. Bf1 Nxf4 34.
Bxa6 Rd2 35. h4 Rxd4 36. Re3 Rd2 37. Kf1 Rh2 38. Bb7 d4 39. Re1 0-1

[Event "SR 3. liga A2 2015/2016"]
[Site "?"]
[Date "2016.04.10"]
[Round "11.2"]
[White "Sturdik, Igor"]
[Black "Packa, Ladislav"]
[Result "0-1"]
[WhiteElo "1992"]
[BlackElo "2155"]
[PlyCount "44"]
[EventDate "2016.??.??"]

1. e4 e5 2. Nf3 Nc6 3. Bc4 Nf6 4. d3 Be7 5. Nc3 O-O 6. O-O d6 7. h3 Na5 8. Bb3
Nxb3 9. axb3 h6 10. Be3 c5 11. Nh2 d5 12. exd5 Nxd5 13. Nxd5 Qxd5 14. Qh5 b6
15. f4 Bb7 16. Nf3 e4 17. Qxd5 Bxd5 18. dxe4 Bxe4 19. Rf2 Bf6 20. c3 Rfe8 21.
Re1 Bd5 22. Nd2 Bh4 0-1

[Event "SR 3. liga A2 2015/2016"]
[Site "?"]
[Date "2016.04.10"]
[Round "11.2"]
[White "Jablonicky, Frantisek"]
[Black "Puskar, Peter"]
[Result "1-0"]
[WhiteElo "2128"]
[BlackElo "2240"]
[PlyCount "65"]
[EventDate "2016.??.??"]

1. Nf3 Nf6 2. c4 e6 3. e3 b6 4. Nc3 Bb7 5. b3 Be7 6. Bb2 O-O 7. Be2 c5 8. O-O
Nc6 9. d4 d5 10. cxd5 exd5 11. dxc5 bxc5 12. Na4 Rc8 13. Rc1 Ne4 14. Nd2 Nb8
15. Nxe4 dxe4 16. Qxd8 Rfxd8 17. Rfd1 Ba6 18. Bg4 Rxd1+ 19. Rxd1 Re8 20. Ba3
Bc8 21. Be2 Ba6 22. Bxa6 Nxa6 23. Rd7 Nb4 24. Bxb4 cxb4 25. Rxa7 Rc8 26. g3 Bf8
27. Nb6 Rc1+ 28. Kg2 f5 29. Nd5 Rc5 30. Nxb4 g5 31. Rd7 Bg7 32. Rd5 Rxd5 33.
Nxd5 1-0

[Event "SR 3. liga A2 2015/2016"]
[Site "?"]
[Date "2016.04.10"]
[Round "11.2"]
[White "Kolenak, Matus"]
[Black "Slobodnik, Michal"]
[Result "0-1"]
[WhiteElo "1996"]
[BlackElo "2027"]
[PlyCount "46"]
[EventDate "2016.??.??"]

1. d4 Nf6 2. Nf3 d5 3. c4 dxc4 4. Nc3 Bf5 5. Qa4+ c6 6. Qxc4 e6 7. Bg5 Be7 8.
e3 Ne4 9. Bxe7 Qxe7 10. Nxe4 Bxe4 11. Nd2 Bg6 12. h4 h6 13. Rh3 Nd7 14. h5 Bh7
15. Rg3 Nf6 16. Be2 O-O 17. Rc1 Rad8 18. Qc5 Qc7 19. Bf3 Nd5 20. a3 Nxe3 21.
Ne4 Nd5 22. Qxa7 Bxe4 23. Bxe4 Qf4 0-1

[Event "SR 3. liga A2 2015/2016"]
[Site "?"]
[Date "2016.04.10"]
[Round "11.2"]
[White "Horecky, Peter"]
[Black "Bukovsky, Milan"]
[Result "1-0"]
[WhiteElo "2021"]
[BlackElo "1953"]
[PlyCount "67"]
[EventDate "2016.??.??"]

1. d4 Nf6 2. c4 e6 3. g3 Be7 4. Bg2 d5 5. Nf3 O-O 6. O-O c6 7. b3 Ne4 8. Bb2
Nd7 9. Nbd2 Nxd2 10. Qxd2 Qc7 11. Rac1 Bf6 12. Ng5 h6 13. Nh3 Rd8 14. cxd5 exd5
15. Bxd5 Ne5 16. dxe5 Bxh3 17. exf6 Bxf1 18. fxg7 Qd6 19. Rxf1 cxd5 20. Rd1 Qg6
21. e4 Rac8 22. exd5 Rc2 23. Qd4 Qh5 24. Re1 Re2 25. Rxe2 Qxe2 26. d6 Qa6 27.
d7 Qe6 28. Qf4 Qc6 29. Bf6 Qxd7 30. Bxd8 Qxd8 31. Qxh6 Qd1+ 32. Kg2 Qd5+ 33. f3
Qxf3+ 34. Kxf3 1-0

[Event "SR 3. liga A2 2015/2016"]
[Site "?"]
[Date "2016.04.10"]
[Round "11.2"]
[White "Doucha, Ludvik"]
[Black "Zigo, Rastislav"]
[Result "1-0"]
[WhiteElo "1934"]
[BlackElo "2011"]
[PlyCount "99"]
[EventDate "2016.??.??"]

1. d4 Nf6 2. Nf3 e6 3. e3 d5 4. Bd3 c5 5. c3 Be7 6. Nbd2 O-O 7. O-O b6 8. Qe2
Bb7 9. Re1 Nbd7 10. a3 Ne4 11. Ne5 Qc7 12. Nxd7 Qxd7 13. f3 Nf6 14. b4 a5 15.
bxc5 bxc5 16. Bb2 c4 17. Bc2 a4 18. e4 Bd8 19. e5 Ne8 20. f4 g6 21. Nf3 Nc7 22.
g4 Be7 23. g5 Rfb8 24. h4 Qe8 25. Nh2 Bc6 26. Bc1 Nb5 27. Qf3 Qf8 28. Ng4 Nxa3
29. Bxa3 Bxa3 30. Nf6+ Kh8 31. Nxh7 Kxh7 32. Rxa3 Qxa3 33. Qh5+ Kg8 34. Bxg6
fxg6 35. Qxg6+ Kf8 36. Qf6+ Ke8 37. Qxe6+ Qe7 38. Qxc6+ Kf8 39. Qxd5 a3 40. f5
a2 41. f6 Qc7 42. g6 Rb7 43. Kf2 Qb8 44. Rg1 Raa7 45. Ke3 a1=Q 46. g7+ Rxg7 47.
fxg7+ Rxg7 48. Rxa1 Ra7 49. Rxa7 Qxa7 50. Qc5+ 1-0

[Event "SR 3. liga A2 2015/2016"]
[Site "?"]
[Date "2016.04.10"]
[Round "11.2"]
[White "Lukacovic, Miroslav"]
[Black "Bahna, Jan"]
[Result "1-0"]
[WhiteElo "1979"]
[BlackElo "1888"]
[PlyCount "55"]
[EventDate "2016.??.??"]

1. d4 d5 2. Nf3 Nf6 3. Bf4 e6 4. e3 a6 5. Bd3 Be7 6. Nbd2 Nbd7 7. c3 c5 8. O-O
c4 9. Bc2 O-O 10. Ne5 Nxe5 11. dxe5 Ne8 12. Nf3 f5 13. exf6 Nxf6 14. Ne5 Bd6
15. Bg3 Qc7 16. f4 b5 17. Nf3 Bd7 18. Qe2 Bc6 19. Rad1 Rad8 20. Bb1 Be8 21. Bh4
Rd7 22. h3 Kh8 23. Nd4 Bf7 24. Kh1 Bg8 25. f5 exf5 26. Rxf5 Be5 27. Rdf1 Rd6
28. Rxe5 1-0

[Event "SR 3. liga A2 2015/2016"]
[Site "?"]
[Date "2016.04.10"]
[Round "11.2"]
[White "Puskas, Miroslav"]
[Black "Cmarada, Juraj"]
[Result "1/2-1/2"]
[WhiteElo "1905"]
[BlackElo "1778"]
[PlyCount "35"]
[EventDate "2016.??.??"]

1. e4 c5 2. Nf3 d6 3. d4 cxd4 4. Nxd4 Nf6 5. Nc3 a6 6. Bg5 e6 7. Bd3 Be7 8. Qd2
Nc6 9. Nb3 Qc7 10. O-O O-O 11. Rad1 Rb8 12. f4 h6 13. Bxf6 Bxf6 14. f5 Ne5 15.
fxe6 fxe6 16. Be2 Be7 17. Rxf8+ Bxf8 18. Qf4 1/2-1/2

[Event "SR 3. liga A2 2015/2016"]
[Site "?"]
[Date "2016.04.10"]
[Round "11.2"]
[White "Cvirik, Vladimir"]
[Black "Krist, Milan"]
[Result "1/2-1/2"]
[WhiteElo "1868"]
[BlackElo "1875"]
[PlyCount "86"]
[EventDate "2016.??.??"]

1. d4 d5 2. c4 e5 3. dxe5 d4 4. Nf3 c5 5. g3 Nc6 6. Bg2 Nge7 7. Bg5 Qb6 8. b3
h6 9. Bxe7 Bxe7 10. O-O O-O 11. Re1 Bf5 12. Nbd2 Rfd8 13. Nh4 Bxh4 14. gxh4
Nxe5 15. Nf1 Rab8 16. Ng3 Bh7 17. Qd2 Qf6 18. h5 Ng4 19. Rf1 Qe5 20. Bf3 Nf6
21. Rae1 Be4 22. Bxe4 Nxe4 23. Nxe4 Qxe4 24. f3 Qe5 25. Rf2 Qxh5 26. Rg2 Rd6
27. Qf4 Rbd8 28. Kh1 Rg6 29. Reg1 Rdd6 30. Rxg6 Rxg6 31. Qb8+ Kh7 32. Qxb7 Qe5
33. Qxf7 Rxg1+ 34. Kxg1 Qxe2 35. Qf5+ Kg8 36. Qd5+ Kh8 37. Qxc5 d3 38. Qf8+ Kh7
39. Qf5+ Kg8 40. Qc8+ Kf7 41. Qf5+ Ke7 42. Qc5+ Kf6 43. Qf8+ Kg6 1/2-1/2

[Event "SR 3. liga A2 2015/2016"]
[Site "?"]
[Date "2016.04.10"]
[Round "11.3"]
[White "Takacs, Laszlo"]
[Black "Hecko, Dusan"]
[Result "1-0"]
[WhiteElo "2187"]
[BlackElo "2081"]
[PlyCount "119"]
[EventDate "2016.??.??"]

1. e4 {0} c6 2. d4 d5 3. e5 Bf5 4. h4 h5 5. Bg5 Qb6 6. Bd3 Bxd3 7. Qxd3 e6 8.
Nd2 Nd7 9. Ngf3 Ne7 10. O-O Nf5 11. c3 Be7 12. Bxe7 Nxe7 13. b4 a5 14. a4 Qc7
15. Ng5 Nf5 16. g3 g6 17. Rfb1 b6 18. Nf1 Ke7 19. Ne3 Ng7 20. Nh3 Rhb8 21. Nf4
Ra7 22. b5 Kf8 23. bxc6 Qxc6 24. Rb5 Rc7 25. c4 dxc4 26. Qa3+ Kg8 27. Rc1 Qe4
28. Qc3 Nf5 29. Nxf5 Qxf5 30. Qe3 Kh7 31. Rc3 Re8 32. Kg2 Rc6 33. Qe2 Rd8 34.
Nh3 Qg4 35. Qe3 Nf8 36. Nf4 Kg7 37. Qe4 Rdc8 38. f3 Qf5 39. Qe2 f6 40. Nh3 fxe5
41. Rxe5 Qf6 42. Ng5 Kg8 43. Ne4 Qg7 44. Nd2 Qd7 45. Qe3 Rd6 46. Ne4 Qd8 47.
Nxd6 Qxd6 48. Rb5 Nd7 49. Qe4 Kf7 50. d5 exd5 51. Qxd5+ Qxd5 52. Rxd5 Ke6 53.
Rd4 Ne5 54. f4 Ng4 55. Kf3 b5 56. axb5 Rb8 57. Rdxc4 Rxb5 58. Rc6+ Kd5 59. Rxg6
Rb2 60. Rxg4 1-0

[Event "SR 3. liga A2 2015/2016"]
[Site "?"]
[Date "2016.04.10"]
[Round "11.3"]
[White "Polasek, Filip"]
[Black "Merva, Frantisek"]
[Result "0-1"]
[WhiteElo "2080"]
[BlackElo "2086"]
[PlyCount "120"]
[EventDate "2016.??.??"]

1. e4 c6 2. d4 d5 3. Nc3 dxe4 4. Nxe4 Bf5 5. Ng3 Bg6 6. h4 h6 7. Nf3 Nd7 8. Bd3
Bxd3 9. Qxd3 e6 10. Bf4 Ngf6 11. O-O-O Be7 12. Ne5 O-O 13. Ne4 Nxe4 14. Qxe4
Nf6 15. Qf3 Qd5 16. c4 Qxf3 17. Nxf3 Ng4 18. Bg3 Rfd8 19. Rhe1 Rd7 20. Rd3 Rad8
21. Red1 Bf6 22. Kc2 h5 23. Ne5 Bxe5 24. dxe5 Rxd3 25. Rxd3 Rxd3 26. Kxd3 Kf8
27. f3 Nh6 28. Bf2 b6 29. b4 Ke8 30. a4 Kd7 31. Ke4 f5+ 32. Kf4 Nf7 33. a5 bxa5
34. b5 cxb5 35. cxb5 a4 36. Bxa7 a3 37. Bd4 Kc7 38. Ke3 a2 39. Kd3 Nh6 40. g3
f4 41. g4 hxg4 42. fxg4 Nxg4 43. Ke4 Ne3 44. Kxf4 Nf5 45. Bc3 Nxh4 46. Kg5 Nf5
47. Kg6 Kd7 48. Bb2 Kc7 49. Kf7 g5 50. Kxe6 Ne3 51. b6+ Kxb6 52. Bd4+ Kc6 53.
Bxe3 a1=Q 54. Bxg5 Qa2+ 55. Kf5 Kd7 56. Bf6 Qf7 57. Ke4 Ke6 58. Kd4 Qd7+ 59.
Ke4 Qd5+ 60. Kf4 Qd3 0-1

[Event "SR 3. liga A2 2015/2016"]
[Site "?"]
[Date "2016.04.10"]
[Round "11.3"]
[White "Kalmar, Tamas"]
[Black "Ocko, Martin"]
[Result "1-0"]
[WhiteElo "2037"]
[BlackElo "1983"]
[PlyCount "91"]
[EventDate "2016.??.??"]

1. d4 Nf6 2. Nf3 e6 3. g3 d5 4. Bg2 Be7 5. O-O O-O 6. c4 dxc4 7. Qc2 Nc6 8.
Qxc4 Qd5 9. Qd3 Nb4 10. Qd1 c5 11. Nc3 Qh5 12. a3 Nc6 13. dxc5 e5 14. Nd2 Bh3
15. f3 Bxc5+ 16. Kh1 Rad8 17. Qa4 Nd4 18. Nb3 Bb6 19. Nxd4 exd4 20. Na2 Rfe8
21. Qc2 Nd5 22. Nb4 Rc8 23. Qd1 Rxc1 24. Qxc1 Bxg2+ 25. Kxg2 Ne3+ 26. Kh1 d3
27. Nxd3 g5 28. Qd2 h6 29. Rac1 Qh3 30. Rg1 Nf5 31. e4 Nd4 32. Qg2 Qd7 33. Nb4
Rc8 34. Nd5 Bd8 35. Qf2 Ne6 36. Rgd1 Rxc1 37. Rxc1 Qb5 38. Kg2 Kg7 39. b4 Qd3
40. Qc2 Qxa3 41. Qc3+ Qxc3 42. Rxc3 a5 43. bxa5 Bxa5 44. Rb3 h5 45. Rxb7 Bd2
46. Ne7 1-0

[Event "SR 3. liga A2 2015/2016"]
[Site "?"]
[Date "2016.04.10"]
[Round "11.3"]
[White "Nemeckay, Rastislav"]
[Black "Feher, Tibor"]
[Result "1/2-1/2"]
[WhiteElo "2030"]
[BlackElo "1804"]
[PlyCount "28"]
[EventDate "2016.??.??"]

1. e4 e5 2. Nf3 Nf6 3. Nxe5 d6 4. Nf3 Nxe4 5. Nc3 Nxc3 6. dxc3 Be7 7. Be3 Nc6
8. Qd2 Bg4 9. Nd4 Nxd4 10. Qxd4 Bf5 11. O-O-O O-O 12. h3 Be6 13. Bc4 Bf6 14.
Qd3 Re8 1/2-1/2

[Event "SR 3. liga A2 2015/2016"]
[Site "?"]
[Date "2016.04.10"]
[Round "11.3"]
[White "Matis, Tibor ml"]
[Black "Danada, Ondrej"]
[Result "0-1"]
[WhiteElo "1729"]
[BlackElo "1926"]
[PlyCount "94"]
[EventDate "2016.??.??"]

1. e4 c6 2. d4 d5 3. e5 c5 4. c3 {0} Nc6 5. Be3 cxd4 6. cxd4 Qb6 7. Qd2 Bf5 8.
Nc3 e6 9. a3 Qb3 10. Nf3 a6 11. Be2 Na5 12. O-O Rc8 13. Rfc1 Nc4 14. Bxc4 Rxc4
15. Nh4 Ne7 16. Nxf5 Nxf5 17. Ne2 Nxe3 18. fxe3 b5 19. Rc3 Rxc3 20. Qxc3 Qxc3
21. Nxc3 Be7 22. Rc1 Kd7 23. Na2 Rc8 24. Kf2 Rc4 25. Ke2 f6 26. exf6 gxf6 27.
Nc3 b4 28. axb4 Bxb4 29. Ra1 Bxc3 30. bxc3 Rc6 31. Kd3 f5 32. h3 h5 33. Rb1 Kc7
34. h4 Rb6 35. Ra1 Kb7 36. Kc2 Rc6 37. Rb1+ Ka7 38. Rc1 Rc8 39. Kb3 Rc4 40. Ra1
Kb6 41. Rb1 Ka5 42. Ra1+ Kb5 43. Ra2 a5 44. Ra3 Rc8 45. Ra2 Rg8 46. Rc2 Rg3 47.
Re2 a4+ 0-1

[Event "SR 3. liga A2 2015/2016"]
[Site "?"]
[Date "2016.04.10"]
[Round "11.3"]
[White "Diviak, Rudolf"]
[Black "Bugar, Peter"]
[Result "1/2-1/2"]
[WhiteElo "1799"]
[BlackElo "1765"]
[PlyCount "93"]
[EventDate "2016.??.??"]

1. b4 c6 2. Bb2 Qb6 3. a3 a5 4. c4 axb4 5. c5 Qc7 6. axb4 Rxa1 7. Bxa1 b5 8.
Nf3 Nf6 9. Bxf6 exf6 10. e3 d6 11. d4 Na6 12. Qb3 Be6 13. Qa3 Qb7 14. Be2 Bc4
15. Nbd2 Be7 16. Nb3 Bxb3 17. Qxb3 O-O 18. O-O Ra8 19. Ra1 Nc7 20. Qb2 Rxa1+
21. Qxa1 Qa6 22. Qb2 Qa4 23. Bf1 Nd5 24. e4 Nxb4 25. d5 dxc5 26. dxc6 Nxc6 27.
Bxb5 Qxe4 28. Nd2 Qb4 29. Qxb4 Nxb4 30. Kf1 f5 31. f3 f6 32. Bd7 g6 33. Be6+
Kf8 34. Bc4 g5 35. Be6 Nc2 36. Kf2 Nd4 37. Bc4 Ke8 38. Nb3 Nxb3 39. Bxb3 f4 40.
Ke2 Kd7 41. Kd3 Kc6 42. Kc4 Kd6 43. Bc2 h6 44. h3 Ke5 45. Ba4 f5 46. Bd7 h5 47.
Be8 1/2-1/2

[Event "SR 3. liga A2 2015/2016"]
[Site "?"]
[Date "2016.04.10"]
[Round "11.3"]
[White "Mezes, Kristof"]
[Black "Pericka, Pavol"]
[Result "1/2-1/2"]
[WhiteElo "1493"]
[BlackElo "1795"]
[PlyCount "63"]
[EventDate "2016.??.??"]

1. d4 d5 2. c4 e6 3. Nc3 Nf6 4. Bg5 Be7 5. Nf3 O-O 6. e3 Nc6 7. cxd5 Nxd5 8.
Bxe7 Ncxe7 9. Bd3 b6 10. O-O Bb7 11. Qc2 Nb4 12. Qd1 Nxd3 13. Qxd3 Nf5 14. e4
Nh4 15. Rfd1 Qf6 16. Rd2 Nxf3+ 17. Qxf3 Qg5 18. Qe3 Qxe3 19. fxe3 a6 20. d5
Rad8 21. Rad1 Bc8 22. d6 Rd7 23. dxc7 Rxc7 24. Rd8 f6 25. R1d6 Rxd8 26. Rxd8+
Kf7 27. Rd6 b5 28. Kf2 Bb7 29. Kg3 Ke7 30. Rd4 Rd7 31. Kf2 Bc6 32. a3 1/2-1/2

[Event "SR 3. liga A2 2015/2016"]
[Site "?"]
[Date "2016.04.10"]
[Round "11.3"]
[White "Ulehla, Jakub"]
[Black "Raso, Filip"]
[Result "1-0"]
[WhiteElo "1772"]
[BlackElo "1513"]
[PlyCount "57"]
[EventDate "2016.??.??"]

1. e4 e6 2. d4 d5 3. Nd2 Nc6 4. c3 Be7 5. Ngf3 dxe4 6. Nxe4 Nf6 7. Bd3 O-O 8.
Qc2 g6 9. O-O b6 10. Bh6 Re8 11. Bb5 Bd7 12. Bd3 Nxe4 13. Bxe4 Bf8 14. Bxf8
Kxf8 15. Ne5 Nxe5 16. Bxa8 Qxa8 17. dxe5 Bc6 18. f3 Qd8 19. Rad1 Qg5 20. f4 Qg4
21. Rd4 f5 22. exf6 Kg8 23. Qf2 h5 24. Rfd1 Kh7 25. b4 b5 26. a4 a6 27. axb5
axb5 28. Ra1 Rb8 29. Ra7 1-0

[Event "SR 3. liga A2 2015/2016"]
[Site "?"]
[Date "2016.04.10"]
[Round "11.4"]
[White "Jozefek, Michal"]
[Black "Abel, Peter"]
[Result "0-1"]
[WhiteElo "2188"]
[BlackElo "2189"]
[PlyCount "97"]
[EventDate "2016.??.??"]

1. d4 Nf6 2. c4 c5 3. d5 e5 4. Nc3 d6 5. e4 Be7 6. Be2 Nbd7 7. Be3 O-O 8. g4
Ne8 9. Qd2 Kh8 10. h4 Ndf6 11. f3 Nc7 12. Nh3 a6 13. a4 b6 14. Nf2 Ng8 15. g5
Bd7 16. Ng4 f6 17. gxf6 Bxf6 18. Nxf6 Qxf6 19. Nd1 Rfb8 20. h5 h6 21. b3 b5 22.
Qc2 bxc4 23. bxc4 Rb7 24. Bd2 Rf8 25. Ne3 Ne8 26. a5 Qe7 27. Rb1 Bc8 28. Kf2
Rxb1 29. Qxb1 Ngf6 30. Nf1 Qf7 31. Ng3 Bg4 32. Kg2 Nxh5 33. Rf1 Bc8 34. Nxh5
Qxh5 35. Kf2 Qh2+ 36. Ke3 Kh7 37. Qb8 Bh3 38. Rf2 Qg1 39. Qd8 Kg8 40. Qh4 Bd7
41. Bf1 Nf6 42. Ke2 g5 43. Qh2 Qxh2 44. Rxh2 Kg7 45. Kd3 Rb8 46. Bc3 Rb1 47.
Be2 Ba4 48. Kd2 Kg6 49. f4 0-1

[Event "SR 3. liga A2 2015/2016"]
[Site "?"]
[Date "2016.04.10"]
[Round "11.4"]
[White "Stepanovic, Branislav"]
[Black "Stanec, Stanislav"]
[Result "1-0"]
[WhiteElo "1998"]
[BlackElo "2099"]
[PlyCount "91"]
[EventDate "2016.??.??"]

1. e4 c5 2. Nf3 Nc6 3. d4 cxd4 4. Nxd4 g6 5. c4 Bg7 6. Be3 Nf6 7. Nc3 O-O 8.
Be2 d6 9. O-O Bd7 10. f3 Re8 11. Rc1 Nxd4 12. Bxd4 Bc6 13. Qd2 a6 14. b3 Rc8
15. Rfd1 Qa5 16. Rc2 Nd7 17. Bxg7 Kxg7 18. Kh1 Qc5 19. Bf1 Nf6 20. Rdc1 Rcd8
21. Nd5 Bxd5 22. cxd5 Qb6 23. b4 Nd7 24. a4 f6 25. a5 Qa7 26. Rc7 Qb8 27. R7c3
Rc8 28. Qd4 Rxc3 29. Qxc3 Kf8 30. f4 e5 31. dxe6 Rxe6 32. Qh3 Re7 33. Qh6+ Kg8
34. Bc4+ Kh8 35. Bd5 Nf8 36. h4 Qd8 37. h5 Rg7 38. hxg6 Rxg6 39. Qh3 Kg7 40.
Rc8 Qe7 41. Rb8 Rh6 42. Rxb7 Rxh3+ 43. gxh3 Ng6 44. Rxe7+ Nxe7 45. Bb7 f5 46.
b5 1-0